|
|
|
|
| LEADER |
00000nam0a2200000 4500 |
| 001 |
289899 |
| 005 |
20231102000230.0 |
| 035 |
|
|
|a (RuTPU)RU\TPU\book\314420
|
| 090 |
|
|
|a 289899
|
| 100 |
|
|
|a 20150403d1983 km y0rusy50 ca
|
| 101 |
0 |
|
|a rus
|
| 102 |
|
|
|a LV
|
| 105 |
|
|
|a a z 001zy
|
| 200 |
1 |
|
|a Очистка сточных вод малых объектов
|f Б. Т. Юрьев
|
| 210 |
|
|
|a Рига
|c Авотс
|d 1983
|
| 215 |
|
|
|a 173 с.
|c ил.
|
| 320 |
|
|
|a Библиогр.: с. 171-173
|
| 606 |
1 |
|
|a Сточные воды промышленные
|x Очистка в целом
|2 stltpush
|3 (RuTPU)RU\TPU\subj\57171
|9 75035
|
| 610 |
1 |
|
|a малые объекты
|
| 610 |
1 |
|
|a канализование
|
| 610 |
1 |
|
|a подземная фильтрация
|
| 610 |
1 |
|
|a наземная фильтрация
|
| 610 |
1 |
|
|a биофильтры
|
| 610 |
1 |
|
|a аэротенки
|
| 610 |
1 |
|
|a осадки
|
| 610 |
1 |
|
|a обеззараживание
|
| 610 |
1 |
|
|a доочистка
|
| 610 |
1 |
|
|a очистные сооружения
|
| 610 |
1 |
|
|a технико-экономические показатели
|
| 675 |
|
|
|a 628.31.034.2
|v 4
|
| 700 |
|
1 |
|a Юрьев
|b Б. Т.
|g Борис Тихонович
|
| 801 |
|
1 |
|a RU
|b 63413507
|c 20150403
|
| 801 |
|
2 |
|a RU
|b 63413507
|c 20181122
|g RCR
|
| 942 |
|
|
|c BK
|